Т. 1; Строительство нефтегазовых скважин

Dades bibliogràfiques
Parent link:Строительство нефтегазовых скважин: учебное пособие. Т. 1.— , 2013-2015
Altres autors: Калинин А. Г. Анатолий Георгиевич, Оганов А. С. Александр Сергеевич, Сазонов А. А. Алексей Алексеевич, Бастриков С. Н. Сергей Николаевич
Sumari:Показаны роль буровых работ в развитии нефтегазодобывающей отрасли, разновидности и конструкции скважин. Приведены основные сведения по нефтегазопромысловой геологии и механике разрушения горных пород. Рассмотрены буровой инструмент, работа породоразрушающего инструмента. Приведены типо­вые расчеты бурильной колонны. Кратко описаны очистные агенты, их приготов­ление, обработка и очистка. Изложены основы буровой гидравлики и аэромеха­ники. Большое внимание уделено технологии бурения скважин - режимам буре­ния. Проанализированы причины осложнений и аварий, даны рекомендации по их предупреждению и ликвидации, а также по нормализации температурного фактора.Учебник предназначен для студентов вузов, обучающихся по специальности 130500.04 «Бурение нефтяных и газовых скважин», но может также служить и справочным пособием для инженерно-технических работников, связанных с буре­нием.
Idioma:rus
Publicat: 2013
Matèries:
Format: MixedMaterials Llibre
KOHA link:https://koha.lib.tpu.ru/cgi-bin/koha/opac-detail.pl?biblionumber=314322

MARC

LEADER 00000nam2a2200000 4500
001 314322
005 20231102002651.0
010 |a 9785919610687 
035 |a (RuTPU)RU\TPU\book\339733 
035 |a RU\TPU\book\335305 
090 |a 314322 
100 |a 20160211d2013 m y0rusy50 ca 
101 0 |a rus 
102 |a RU 
105 |a a j 001zy 
200 0 |a Т. 1  |f А. Г. Калинин [и др.] 
210 |d 2013 
215 |a 692 с.  |c ил. 
320 |a Библиогр.: с. 685-687. 
330 |a Показаны роль буровых работ в развитии нефтегазодобывающей отрасли, разновидности и конструкции скважин. Приведены основные сведения по нефтегазопромысловой геологии и механике разрушения горных пород. Рассмотрены буровой инструмент, работа породоразрушающего инструмента. Приведены типо­вые расчеты бурильной колонны. Кратко описаны очистные агенты, их приготов­ление, обработка и очистка. Изложены основы буровой гидравлики и аэромеха­ники. Большое внимание уделено технологии бурения скважин - режимам буре­ния. Проанализированы причины осложнений и аварий, даны рекомендации по их предупреждению и ликвидации, а также по нормализации температурного фактора.Учебник предназначен для студентов вузов, обучающихся по специальности 130500.04 «Бурение нефтяных и газовых скважин», но может также служить и справочным пособием для инженерно-технических работников, связанных с буре­нием. 
461 1 |0 (RuTPU)RU\TPU\book\331406  |t Строительство нефтегазовых скважин  |o учебное пособие  |o в 2 т.  |v Т. 1  |d 2013-2015 
606 1 |a Нефтяные скважины  |x Постройка  |2 stltpush  |3 (RuTPU)RU\TPU\subj\46087  |9 65272 
610 1 |a нефтегазопромысловая геология 
610 1 |a горные породы 
610 1 |a разрушение 
610 1 |a механика 
610 1 |a породоразрушающие инструменты 
610 1 |a бурильная колонна 
610 1 |a вращения 
610 1 |a нефтегазоносные скважины 
610 1 |a промывка 
610 1 |a продувка 
610 1 |a бурение 
610 1 |a технологические режимы 
610 1 |a осложнения 
610 1 |a аварии 
610 1 |a учебные пособия 
675 |a 622.24(075.8)  |v 4 
701 1 |a Калинин  |b А. Г.  |g Анатолий Георгиевич 
701 1 |a Оганов  |b А. С.  |g Александр Сергеевич 
701 1 |a Сазонов  |b А. А.  |g Алексей Алексеевич 
701 1 |a Бастриков  |b С. Н.  |g Сергей Николаевич 
801 1 |a RU  |b 63413507  |c 20151119 
801 2 |a RU  |b 63413507  |c 20160219  |g RCR 
900 |a Бурение и испытание нефтегазовых скважин 
900 |a Бурение нефтяных и газовых скважин 
900 |a Бурение, горное дело 
942 |c BK 
951 |l 8.1 
959 |a 145/20151119  |d 5  |e 750,00  |f ЧЗТЛ:1  |f УФ:4